Exeter /

The architectural history of the Exeter Cathedral in Devonshire, England. Examines the history and architectural characteristics of Exeter Cathedral, one of the most famous examples of Gothic architecture in England. Contrasts life in the cathedral town during the Middle Ages with life as it is toda...

Full description

Bibliographic Details
Uniform Title:Exeter (Motion picture)
Corporate Author: National Film Board of Canada (film production company,)
Other Authors: Kane, Michael, 1922-2007 (Commentator)
Format: Video DVD
Language:English
Published: [Montreal] : National Film Board of Canada, [2016]
Subjects:

MARC

Tag First Indicator Second Indicator Subfields
LEADER 00000cgm a2200000Ii 4500
001 in00003780903
005 20170927140218.0
007 vd cvaizu
008 160621t20162016onc029 s vleng d
024 1 |a 698193078939 
028 4 2 |a 0172 556  |b National Film Board of Canada 
035 |a (OCoLC)ocn957591095 
035 |a (OCoLC)957591095 
040 |a TXA  |b eng  |e rda  |c TXA  |d TXA  |d UtOrBLW 
043 |a e-uk-en 
049 |a TXAM 
090 |a NA5471.E9  |b E94 2016 
130 0 |a Exeter (Motion picture) 
245 1 0 |a Exeter /  |c the National Gallery of Canada presents ; direction, Gerald Budner ; production, Wolf Koenig, Robert Verrall ; produced for the National Gallery of Canada by the National Film Board of Canada. 
246 1 |i Also known as:  |a Cathédrale d'Exeter 
264 1 |a [Montreal] :  |b National Film Board of Canada,  |c [2016] 
264 4 |c ©2016 
300 |a 1 videodisc (28 min., 37 sec.) :  |b sound, color ;  |c 4 3/4 in. 
336 |a two-dimensional moving image  |b tdi  |2 rdacontent 
337 |a video  |b v  |2 rdamedia 
338 |a videodisc  |b vd  |2 rdacarrier 
346 |b NTSC  |2 rda 
347 |a video file  |b DVD video  |e no region  |2 rda 
380 |a Documentary films.  |2 lcgft 
538 |a DVD-R. 
511 0 |a Commentary, Michael Kane. 
508 |a Camera, Rierre Letarte [and 3 others]; editing, Margaret Wescott; 
500 |a Originally produced as a documentary film in 1972. 
520 |a The architectural history of the Exeter Cathedral in Devonshire, England. Examines the history and architectural characteristics of Exeter Cathedral, one of the most famous examples of Gothic architecture in England. Contrasts life in the cathedral town during the Middle Ages with life as it is today. 
610 2 0 |a Exeter Cathedral.  |0 http://id.loc.gov/authorities/names/n50079633 
650 0 |a Architecture, Gothic  |z England  |z Exeter. 
650 0 |a Cathedrals  |z England  |z Exeter. 
655 7 |a Documentary films.  |2 lcgft  |0 http://id.loc.gov/authorities/genreForms/gf2011026205 
655 7 |a Nonfiction films.  |2 lcgft  |0 http://id.loc.gov/authorities/genreForms/gf2011026423 
700 1 |a Koenig, Wolf,  |e film producer.  |0 http://id.loc.gov/authorities/names/no95036412 
700 1 |a Budner, Gerald,  |e film director.  |0 http://id.loc.gov/authorities/names/n2007033141 
700 1 |a Verrall, Robert Alan,  |e film producer.  |0 http://id.loc.gov/authorities/names/nr95003093 
700 1 |a Kane, Michael,  |d 1922-2007,  |e commentator.  |0 http://id.loc.gov/authorities/names/no2017066176 
710 2 |a National Gallery of Canada,  |e issuing body.  |0 http://id.loc.gov/authorities/names/n79043161 
710 2 |a National Film Board of Canada,  |e film production company,  |e film distributor,  |e publisher.  |0 http://id.loc.gov/authorities/names/n80120516 
948 |a cataloged  |b h  |c 2016/9/1  |d o  |e tchubaryan  |f 2:02:16 pm 
994 |a C0  |b TXA 
999 f f |s 8963807f-1c36-3cbf-9fd0-e93e1a0709fb  |i f44259f2-284a-336f-83ed-8db3f66e169d  |t 0 
952 f f |p dvd  |a Texas A&M University  |b College Station  |c Sterling C. Evans Library  |d Evans: Media and Reserves (Annex 1st floor)  |t 0  |e NA5471.E9 E94 2016  |h Library of Congress classification  |i video -- videodisc  |m A14843641623 
998 f f |a NA5471.E9 E94 2016  |t 0  |l Evans: Media and Reserves (Annex 1st floor)